000 00800nam a2200241 i 4500
001 21422
003 ES-MaACL
005 20230906152456.0
007 t|
008 021125s1973 sp ||||1| spa d
020 _a84-229-0101-3
080 _a929 Buñuel, Luis:791.43
100 1 _aAlcalá, Manuel.
_919452
245 1 0 _aBuñuel
_b: (cine e ideología) /
_cManuel Alcalá.
260 _aMadrid :
_bCuadernos para el Diálogo,
_c1973.
300 _a197 p., 4 lám. ;
_c18 cm.
490 1 _aDivulgación universitaria.
_aBiografías ;
_v46
600 1 4 _aBuñuel, Luis,
_d1900-1983-
_xBiografías
_932560
710 2 _aCuadernos para el Diálogo.
_93333
830 1 _aDivulgación universitaria.
_aBiografías ;
_v46
_9185386
852 _aES-MaACL
_jC-50036
999 _c21422
_d21422